Racionalizácia riadenia dopravy v n.p. Chemlon Humenné v nadväznosti na Súbor opatrení k zdokonaleniu sústavy plánovitého riadenia národného hospodárstva po roku 1986 kandidátska dizertačná práca
Guardado en:
| Autor principal: | |
|---|---|
| Autor Corporativo: | |
| Otros Autores: | |
| Formato: | Libro |
| Lenguaje: | eslovaco |
| Publicado: |
Bratislava
1985
|
| Etiquetas: |
Sin Etiquetas, Sea el primero en etiquetar este registro!
|
MARC
| LEADER | 00000nam a2200000 4500 | ||
|---|---|---|---|
| 001 | c105286 | ||
| 005 | 20230116085135.7 | ||
| 041 | 0 | |a slo | |
| 044 | |a SK | ||
| 245 | 1 | 0 | |a Racionalizácia riadenia dopravy v n.p. Chemlon Humenné v nadväznosti na Súbor opatrení k zdokonaleniu sústavy plánovitého riadenia národného hospodárstva po roku 1986 |b kandidátska dizertačná práca |c Gabriel Páldy ; Ved. Štefan Baláži |
| 264 | 1 | |a Bratislava |c 1985 | |
| 300 | |a 141 s. | ||
| 100 | 1 | |a Páldy, Gabriel | |
| 700 | 1 | |a Baláži, Štefan | |
| 710 | 2 | |a Vysoká škola ekonomická v Bratislave | |